Raja Serfoji II : (Record no. 65526)

MARC details
000 -LEADER
fixed length control field 00813nam a22002297a 4500
005 - DATE AND TIME OF LATEST TRANSACTION
control field 20140224114127.0
010 ## - LCCN (DPL NO)
LC control number ENG-105090
020 ## - INTERNATIONAL STANDARD BOOK NUMBER
International Standard Book Number 9780415535045
Terms of availability 295.00
035 ## - SYSTEM CONTROL NUMBER
System control number EN-88623
037 ## - SOURCE OF ACQUISITION
Source of stock number/acquisition DBAD/PUB
037 ## - SOURCE OF ACQUISITION
Source of stock number/acquisition BSB/Ven
Stock number dpl
082 ## - DEWEY DECIMAL CLASSIFICATION NUMBER
Classification number 954.31
100 ## - MAIN ENTRY--PERSONAL NAME
Personal name Nair, Savithri Preetha
245 ## - TITLE STATEMENT
Title Raja Serfoji II :
Statement of responsibility, etc by Savithri Preetha Nair
Remainder of title science,medicine and enlightenment in Tanjore /
260 ## - PUBLICATION, DISTRIBUTION, ETC. (IMPRINT)
Place of publication, distribution, etc New Delhi
Name of publisher, distributor, etc Routledge
Date of publication, distribution, etc 2012
270 ## - ADDRESS
Address 912 Tolstoy House,15-17 Tolstoy Marg,Connaught Place,
City New Delhi
Postal code 110001
300 ## - PHYSICAL DESCRIPTION
Extent xi,156p.
Dimensions 22cm(pbk)
490 ## - SERIES STATEMENT
Series statement Pathfinders
500 ## - GENERAL NOTE
General note Includes bibliographical references and index
942 ## - ADDED ENTRY ELEMENTS (KOHA)
Source of classification or shelving scheme Dewey Decimal Classification
Item type English Books
Call number suffix NAI
Classification part 954.31
Holdings
Withdrawn status Lost status Not for loan Collection code Home library Current library Date acquired Source of acquisition Cost, normal purchase price Full call number Barcode Copy number Cost, replacement price Koha item type
      Non-fiction Central Library Central Library 24/02/2014 BSB/945/21.03.2013/169/08.03.2013/23.03.2013 295.00 954.31 NAI B-514082 1 295.00 English Books
    Not For Loan Non-fiction D.B.Act.Division D.B.Act.Division 24/04/2012 DBAD / PUB 295.00 NAI EN-88623 1 295.00 English Books

© Delhi Public Library
Hit Counter
free hit counter